| 000 | 01075nam a2200301 i 4500 | ||
|---|---|---|---|
| 001 | 184186 | ||
| 003 | ES-MaACL | ||
| 005 | 20240123190908.0 | ||
| 008 | 150415s1962 sp f |||| |dspa d | ||
| 080 | _a929 Freud, Sigmund | ||
| 080 | _a159.964.2 | ||
| 100 | 1 |
_aLauzun, Gérard. _9156732 |
|
| 245 | 1 | 0 |
_aSigmund Freud / _cpor Gérard Lauzun ; traducción, Adolfo Castaño. |
| 246 | 3 | 4 | _aSigmund Freud y el psicoanálisis |
| 260 |
_aMadrid : _bCid, _c[1962] |
||
| 300 |
_a278 p., [6] p. de lám. ; _c16 cm. |
||
| 490 | 1 |
_aSabios del Mundo Entero ; _v6 |
|
| 504 | _aBibliografía: p. 273-275. | ||
| 505 | 8 |
_aContiene: Apéndice ; _tEl movimiento psicoanalítico en España / _rF. Prieto Huesca,( _gp. 262-272) |
|
| 600 | 1 | 4 |
_aFreud, Sigmund, _d1856-1939 _952547 |
| 650 | 0 | 4 |
_aPsicoanálisis. _916530 |
| 700 | 1 |
_aCastaño, Adolfo. _936422 |
|
| 700 | 1 |
_aPrieto Huesca, Flora. _993930 |
|
| 740 | 3 | _aEl movimiento psicoanalítico en España. | |
| 830 | 0 |
_aSabios del Mundo Entero ; _v6 _9192074 |
|
| 852 |
_aES-MaACL _jE-15553 |
||
| 999 |
_c184186 _d184186 |
||